La Palmyrène du nord-ouest : villages et lieux de culte de l'époque impériale : recherches archéologiques sur la mise en valeur d'une région du désert par les Palmyréniens /

محفوظ في:

المؤلف الرئيسي: Schlumberger, Daniel (مؤلف)

مؤلفون آخرون: Ingholt, Harald, 1896-1985., Starcky, Jean, 1910-, Ryckmans, G. 1887-1969.

التنسيق: كتاب

اللغة: French

منشور في: Paris : P. Geuthner, 1951.

سلاسل: Bibliotheque archeologique et historique ; 49.
BAH ; 49.

الموضوعات:

الوسوم: إضافة وسم

لا توجد وسوم, كن أول من يضع وسما على هذه التسجيلة!

رقم الطلب: DS93 .F8 v.49

LEADER 01479namaa2200337 4500
001 22592
003 OSt
005 20211128111048.0
008 130303s1951 fr abefg b 001 0 fre d
952 |0 0  |1 0  |2 lcc  |3 V.49  |4 0  |6 DS0093 F8 V.00049  |7 1  |9 23551  |a ARCE  |b ARCE  |d 2021-11-28  |l 0  |o DS93 .F8 v.49  |p 1018161  |r 2021-11-28 00:00:00  |w 2021-11-28  |y BK 
999 |c 28719  |d 28719 
010 |a 56047899 
040 |c ARCE Library 
043 |a a-sy--- 
050 4 |a DS93 .F8 v.49 
100 1 |a Schlumberger, Daniel,  |e author 
245 1 3 |a La Palmyrène du nord-ouest :   |b villages et lieux de culte de l'époque impériale : recherches archéologiques sur la mise en valeur d'une région du désert par les Palmyréniens /  |c suivi du Recueil des inscriptions sémitiques de cette région, par H. Ingholt, J. Starcky ; avec une contribution de G. Ryckmans. 
264 1 |a Paris :   |b P. Geuthner,   |c 1951. 
300 |a 192 pages, 48 leaves of plates :   |b illustrations, maps, plans ;   |c 29 cm. 
490 1 |a Bibliotheque archeologique et historique ;   |v 49. 
490 1 |a BAH ;   |v 49. 
504 |a Includes bibliographical references and index. 
650 0 |a Inscriptions, Parthian. 
651 0 |a Tadmur (Syria)  |x Antiquities. 
700 1 |a Ingholt, Harald,  |d 1896-1985.  |9 32898 
700 1 |a Starcky, Jean,  |d 1910-  |9 40434 
700 1 |a Ryckmans, G.  |q (Gonzague),  |d 1887-1969. 
830 0 |a Bibliotheque archeologique et historique ;   |v 49. 
830 0 |a BAH ;   |v 49. 
901 |a reviewed 
942 |c BK  |2 lcc